000 00642nam a2200181Ia 4500
008 090124s9999 xx 000 0 und d
082 _b117172
100 _aअष्टीकर मंदाकिनी
245 _a ढगामधल्या पुसल्या रेषा
250 _a1
260 _c1977
300 _a321
600 _aअष्टीकर मंदाकिनी
630 _a ढगामधल्या पुसल्या रेषा
700 _aअष्टीकर मंदाकिनी
730 _a ढगामधल्या पुसल्या रेषा
942 _cBOOK
999 _c163258
_d163258